|
|
|
|
| LEADER |
01176nam a2200349 a 4500 |
| 001 |
000058482 |
| 003 |
CZ BrMZK |
| 005 |
20211112092540.0 |
| 007 |
ta |
| 008 |
950313s1996 xr e j cze d |
| 015 |
|
|
|a cnb000115420
|
| 020 |
|
|
|a 80-237-2790-7
|
| 040 |
|
|
|a BOA001
|b cze
|
| 041 |
1 |
|
|a cze
|h ger
|
| 072 |
|
7 |
|a 821-31/-34
|x Milostná, dobrodružná, fantastická próza
|2 Konspekt
|9 25
|
| 080 |
|
|
|a 821-32
|2 MRF
|
| 080 |
|
|
|a (0:82-32)
|2 MRF
|
| 100 |
1 |
|
|a Daniger, Margot
|7 xx0082365
|4 aut
|
| 245 |
1 |
0 |
|a S nasazením života /
|c Margot Danigerová ; [z němčiny přeložil Petr Klein]
|
| 250 |
|
|
|a Vyd. 1.
|
| 260 |
|
|
|a Praha :
|b I. Železný,
|c 1996
|
| 300 |
|
|
|a 59 s. ;
|c 18 cm
|
| 490 |
1 |
|
|a S knížecí korunkou ;
|v 168 (7/96)
|
| 490 |
1 |
|
|a Knihovnička Večerů pod lampou ;
|v 1970
|
| 655 |
|
7 |
|a povídky
|7 fd133105
|2 czenas
|
| 700 |
1 |
|
|a Klein, Petr
|7 jx20050106022
|4 trl
|
| 765 |
0 |
|
|t Mein Herz friert in deinem Schloss
|
| 830 |
|
0 |
|a S knížecí korunkou
|
| 830 |
|
0 |
|a Knihovnička Večerů pod lampou
|
| 910 |
|
|
|a BOA001
|b 1-1017.748
|
| 990 |
|
|
|a BK
|
| 996 |
6 |
|
|b 2610033132
|c 1-1017.748
|l MZK
|r Sklad / do 1 hodiny
|n 1
|p p.v.
|w 000058482
|u 000010
|a 1
|e BOA001
|j MZK50
|s P
|